000 00789nam a2200301 4500
003 EC-UNACH
005 20251022114326.0
006 s||||gr|||| 00| 00
008 150116t9999 mx r gr 000 0 spa d
020 _a970-611-141-7
040 _aEC-UNACH
_cEC-UNACH
041 _aspa
082 0 4 _223
_a610.03
_bL017857
110 _aSalvat editores
245 _aDiccionario medico
250 _aTercera edición
264 _aMexico
_bSalvat editores
_c2007
300 _a730
505 _aDiccionario termino y referencias
650 _aDiccionario
650 _aTérminos
650 _aReferencias
700 _aSalvat editores S.A
942 _2ddc
_c1
999 _c14062